Legislatívne zmeny na slovenskom kapitálovom trhu, alebo čo priniesla novela zákona o cenných papieroch

Prínos novelizovaného zákona o cenných papieroch z júla 1995. Štatistika slovenského kapitálového trhu. Zákon č.171/1995 Z.z. o cenných papieroch. Ochrana akcionárov. Zaknihovávanie cenných papierov. Informačná povinnosť emitentov. Licencie obchodníkov s cennými papiermi. Podmienky pre maklérov. Poj...

Descrizione completa

Salvato in:
Dettagli Bibliografici
Autore principale: Mojžišová, Elena
Altri autori: Palko, F.
Natura: Capitolo di libro
Lingua:slovacco
Soggetti:
Tags: Aggiungi Tag
Nessun Tag, puoi essere il primo ad aggiungerne!!

MARC

LEADER 00000naa a2200000 4500
001 r020000
005 20230809082430.3
041 0 |a slo 
044 |a SK 
245 1 0 |a Legislatívne zmeny na slovenskom kapitálovom trhu, alebo čo priniesla novela zákona o cenných papieroch  |c Elena Mojžišová, F. Palko 
520 |a Prínos novelizovaného zákona o cenných papieroch z júla 1995. Štatistika slovenského kapitálového trhu. Zákon č.171/1995 Z.z. o cenných papieroch. Ochrana akcionárov. Zaknihovávanie cenných papierov. Informačná povinnosť emitentov. Licencie obchodníkov s cennými papiermi. Podmienky pre maklérov. Pojem "termínový obchod" v novelizovanom zákone o cenných papieroch. 
610 2 0 |a trh kapitálový 
610 2 0 |a papiere cenné 
610 2 0 |a zákony 
610 2 0 |a Slovensko 
610 2 0 |a novelizácia 
610 2 0 |a 1995 
610 2 0 |a akcionári 
610 2 0 |a makléri 
610 2 0 |a licencie 
610 2 0 |a emitenti 
610 2 0 |a obchody termínové 
100 1 |a Mojžišová, Elena 
700 1 |a Palko, F.